Theory & calculation of alternating currents. (Record no. 545343)
[ view plain ]
| 000 -LEADER | |
|---|---|
| fixed length control field | 00605cam a2200169u 4500 |
| 082 00 - DEWEY DECIMAL CLASSIFICATION NUMBER | |
| Classification number | 621.31 |
| Author Mark | LEE |
| -- | L-9, P-25 |
| 100 1# - MAIN ENTRY--PERSONAL NAME | |
| Personal name | Lee, Bernard Crossley. [from old catalog] |
| 9 (RLIN) | 41163 |
| 245 00 - TITLE STATEMENT | |
| Title | Theory & calculation of alternating currents. |
| 260 ## - PUBLICATION, DISTRIBUTION, ETC. | |
| Place of publication, distribution, etc. | London, |
| Name of publisher, distributor, etc. | Spon, |
| Date of publication, distribution, etc. | 1948. |
| 300 ## - PHYSICAL DESCRIPTION | |
| Extent | vii, 150 p. |
| Other physical details | illus. |
| Dimensions | 23 cm. |
| 490 0# - SERIES STATEMENT | |
| Series statement | Electrical engineering series |
| 500 ## - GENERAL NOTE | |
| General note | "Based on lectures given to London degree students over a period of some ten years." |
| 526 ## - STUDY PROGRAM INFORMATION NOTE | |
| Program name | 0 |
| Interest level | 0 |
| Reading level | 0 |
| Title point value | 621_310000000000000_LEE |
| 650 #0 - SUBJECT ADDED ENTRY--TOPICAL TERM | |
| Topical term or geographic name entry element | Electric currents, Alternating. |
| 9 (RLIN) | 41164 |
| 650 #0 - SUBJECT ADDED ENTRY--TOPICAL TERM | |
| Topical term or geographic name entry element | MCE |
| 9 (RLIN) | 379 |
| 942 ## - ADDED ENTRY ELEMENTS (KOHA) | |
| Source of classification or shelving scheme | |
| Koha item type | Book |
| Withdrawn status | Lost status | Source of classification or shelving scheme | Damaged status | Not for loan | Permanent Location | Current Location | Date acquired | Total Checkouts | Full call number | Barcode | Date last seen | Price effective from | Koha item type |
|---|---|---|---|---|---|---|---|---|---|---|---|---|---|
| Military College of Engineering (MCE) | Military College of Engineering (MCE) | 05/21/2014 | 621.31 LEE | MCE-1679 | 05/21/2014 | 05/21/2014 | Book |
